Nueva pedagogía científica /
Guardado en:
| Autor Principal: | |
|---|---|
| Formato: | Libro |
| Publicado: |
España :
Miracle,
1966
|
| Materias: | |
| Etiquetas: |
Agregar Etiqueta
Sin Etiquetas, Sea el primero en etiquetar este registro!
|
| LEADER | 00446nam a22001695a 4500 | ||
|---|---|---|---|
| 001 | CEM.cems006923 | ||
| 005 | 20060214000000.0 | ||
| 008 | 130507s1966##################000#0#####d | ||
| 003 | CEMS | ||
| 082 | 0 | 4 | |a 370.78 |
| 100 | 1 | |a Mialaret, Gastón | |
| 245 | 1 | 0 | |a Nueva pedagogía científica / |
| 260 | |a España : |b Miracle, |c 1966 | ||
| 300 | |a 112 p. | ||
| 653 | |a Educacion | ||
| 653 | |a Pedagogia | ||
| 859 | |a CEMS |b BIB. CEMS - 11 de abril |h 370.78 |i M58 |p 434.73 |t Ej.1 | ||
